Redox biology and cellular metabolism (Record no. 395202)
[ view plain ]
| 000 -LEADER | |
|---|---|
| fixed length control field | 00530 a2200205 4500 |
| 005 - DATE & TIME | |
| control field | 20260204151830.0 |
| 008 - FIXED-LENGTH DATA ELEMENTS--GENERAL INFORMATION | |
| fixed length control field | 260204b |||||||| |||| 00| 0 eng d |
| 020 ## - ISBN | |
| International Standard Book Number | 9781913229290 |
| Price | £ 85.00 |
| 040 ## - CATALOGING SOURCE | |
| Original cataloging agency | VIVEKANANDA LIBRARY |
| 082 ## - DDC NUMBER | |
| Classification number | 572.5 |
| Book Number | M314R |
| 100 ## - MAIN ENTRY--PERSONAL NAME | |
| Personal name | Maninder Singh |
| 245 ## - TITLE STATEMENT | |
| Title | Redox biology and cellular metabolism |
| 260 ## - PUBLICATION, DISTRIBUTION, ETC. (IMPRINT) | |
| Name of publisher, distributor, etc | Westbury Publishing |
| Date of publication, distribution, etc | 2020 |
| Place of publication, distribution, etc | England |
| 300 ## - PHYSICAL DESCRIPTION | |
| Pages | viii, 254 |
| 650 ## - Subject | |
| Subject | Biology |
| 650 ## - Subject | |
| Subject | Redox Biology |
| 650 ## - Subject | |
| Subject | Cellular Biology |
| 700 ## - Added Entry Personal Name | |
| Added Entry Personal Name | Charles, Daniel |
| 942 ## - ADDED ENTRY ELEMENTS (KOHA) | |
| Koha item type | Books |
| Withdrawn status | Lost status | Source of classification or shelving scheme | Damaged status | Not for loan | Location (home branch) | Sublocation or collection (holding branch) | Shelving location | Date acquired | Koha issues (times borrowed) | Koha full call number | Accession No. | Koha date last seen | Koha item type |
|---|---|---|---|---|---|---|---|---|---|---|---|---|---|
| Dewey Decimal Classification | VIVEKANANDA LIBRARY | VIVEKANANDA LIBRARY | Vivekananda Library | 06/01/2026 | 572.5 M314R | 444091 | 06/01/2026 | Books |
